000 00861nam a22002657a 4500
003 BCEG
005 20260325153705.0
008 260325s2018 mx|||||| |||| 00| 0 spa d
020 _a9786075391359
040 _aBCEG
_bspa
_cBCEG
082 0 4 _aM863.4
_bC965f
245 0 0 _aCuentos ferrocarrileros (1931-1941).
260 _aMéxico :
_bSecretaría de Cultura :
_bInstituto Nacional de Antropología e Historia,
_c2018.
300 _a188 p.
_b: il.
490 _aColección Interdisciplina. Serie Enlace.
504 _aIncluye bibliografía y glosario.
541 _aCompra.
650 1 4 _aCuentos mexicanos.
650 1 4 _aFerrocarriles en la literatura.
700 1 _aYanes Rizo, Emma,
_d1961-,
_ecomp.
700 1 _aRamírez Garza, Doroteo,
_ecoaut.
700 1 _aVergara, Miguel,
_ecoaut.
700 1 _aCaceles Zonino, Arnulfo,
_ecoaut.
942 _cBK
999 _c437138
_d437138